| 000 | 00709nam a22002417a 4500 | ||
|---|---|---|---|
| 005 | 20170124110210.0 | ||
| 010 | _aA-840269 | ||
| 020 |
_c00.00 _a0174480334 |
||
| 035 | _aA-840269 | ||
| 037 | _bCen Lib/Ret | ||
| 040 |
_aDPL _bEN |
||
| 082 |
_a574 _bROB |
||
| 100 |
_aRoberts, M.B.V. _938041 |
||
| 245 |
_aBiology : _cby M.B.V.Roberts _ba functional approach / |
||
| 250 | _a4th ed | ||
| 260 |
_aUnited Kingdom _bThomas Nelson & Sons _c1991 |
||
| 270 | _aNelson House, Mayfield Road, Walton-on-Thames, Surrey | ||
| 300 |
_a693p. : _c26cm(Hb) _bill. |
||
| 500 | _aIncludes index | ||
| 650 |
_aBiology _910215 |
||
| 650 |
_aBiological approach _938042 |
||
| 942 |
_2ddc _cEN _h574 _mROB |
||
| 999 |
_c133475 _d133475 |
||